| 000 | 02173nam0a2200421 i 4500 | ||
|---|---|---|---|
| 001 | RU\NLR\bibl\2074735 | ||
| 005 | 20260406024957.0 | ||
| 010 |
_a9785904449209 _91500 |
||
| 021 |
_aRU _b2013-64807 _94435 |
||
| 035 | _a(nilc)RuMoRGB-006631895 | ||
| 035 | _a(NLR Aleph) 002060704 | ||
| 090 |
_a4683554 _c4683554 |
||
| 100 | _a20130819d2012 u y0rusy50 ca | ||
| 101 | 0 |
_arus _deng _dger |
|
| 102 | _aRU | ||
| 105 | _ay ||||||||| | ||
| 200 | 1 |
_aИсторические источники об экономике Империи Джучидов XIV века и ее наследии _dHistorical sources about the economy Empire Juchids XIV c. and its legacy _dHistorische Quellen Über die Wirtschaft Empire Juchids XIV h. und sein Vermächtnis _fР. Ф. Набиев _zeng _zger |
|
| 210 |
_aКазань _cЯз _d2012 |
||
| 215 |
_a247, [1] с. _d20 |
||
| 300 | _aПарал. загл. также на кит. яз. | ||
| 300 | _aРез. англ., нем. | ||
| 320 | _aБиблиогр. в конце кн. | ||
| 510 | 0 |
_6z73790 _aHistorical sources about the economy Empire Juchids XIV c. and its legacy _zeng |
|
| 510 | 1 |
_6z75790 _aHistorische Quellen Über die Wirtschaft Empire Juchids XIV h. und sein Vermächtnis _zger |
|
| 607 |
_aЗолотая Орда _jИсточники и источниковедение _xИстория _z14 в. _92367630 _3RU\NLR\auth\661413386 |
||
| 607 |
_aЗолотая Орда _jИсточники и источниковедение _xЭкономическая история _91267542 _3RU\NLR\auth\66203560 |
||
| 686 | _aТ3(2)433.41,01 | ||
| 686 | _aУ03(2)43 | ||
| 700 | 1 |
_4070 _8rus _7ca _aНабиев _bР. Ф. _gРустам Фанисович _3RU\NLR\auth\77126582 _9109506 |
|
| 790 | 1 |
_4070 _8rus _7ba _aNabiev _bR. F. _gRustam Fanisovič _3RU\NLR\auth\77126584 _9109508 |
|
| 790 | 1 |
_4070 _8rus _7ba _aNabiev _bR. F. _gRustam Fanisovič _3RU\NLR\auth\77126584 _9109508 |
|
| 801 | 0 |
_aRU _bRuMoRKP _c20130819 _gRCR |
|
| 801 | 2 |
_aRU _bРГБ _c20130912 _grcr |
|
| 801 | 1 |
_aRU _bRuMoRKP _c20130819 _2rusmarc |
|
| 801 | 2 |
_aRU _bNLR _c20130925 _grcr |
|
| 942 | _cBOOK | ||
| 980 | _aNBR | ||